000 01929cam a22004454i 4500
003 PE-LiUPU
005 20250731165408.0
008 151019s2012 pe a grm 000 0 spa d
035 _a(Sirsi) a154907
040 _aPE-LiUPU
_bspa
_cPE-LiUPU
_erda
099 _aTEF 2
_bA33 2012
100 1 _aAlayo Rosado, Hubert Carlos
_eautor
245 1 _aRelación entre los conocimientos, actitudes y prácticas sobre la prevención del dengue en los habitantes de Santa Rosa - Santa María de Huachipa, abril - octubre, 2012 /
_cHubert Carlos Alayo Rosado.
264 0 _c2012.
300 _a79 hojas :
_bilustraciones;
_c30 cm
336 _atext
_2rdacontent
337 _aunmediated
_2rdamedia
338 _avolume
_2rdacarrier
502 _aTesis
_b(Lic.) --
_cUniversidad Peruana Unión,
_d2012.
504 _aIncluye referencias
520 3 _aEl estudio fue correlacional de carácter descriptivo y de corte transversal. La población de estudio fue de 620 habitantes con 200 familias. La muestra estuvo conformada por 496 personas pertenecientes a Santa Rosa, que fueron elegidos mediante fórmula estadística. El instrumento empleado fue el cuestionario que consta de 28 ítems: 10 ítems de conocimientos, 9 ítems de actitudes y 9 ítems de prácticas; asimismo se utilizó la guía de observación. Para el procesamiento de los datos se utilizó el programa estadístico SPSS versión 15.
526 _aSEG44
526 _aSEG26
526 _aP151
526 _aP150
526 _aP149
526 _aP146
526 _aP145
526 _aP126
526 _aP125
526 _aP92
526 _aP75
526 _aP74
526 _aP27
526 _aP15
650 0 4 _aDengue
_xPrevención.
596 _a1
942 _2ddc
_cTESIS
999 _aTEF 2 A33 2012
_wALPHANUM
_c7600
_iT01338
_lCCODEBUL3
_mBUL
_r1
_sY
_tTESIS
_u2015-10-19
_xSALUD
_PP22
_o.STAFF. Tesis
_d7600
980 _81
_gALBERTO SANCHEZ Responsable de Automatización